| 000 | 00408 a2200157 4500 | ||
|---|---|---|---|
| 005 | 20250626092905.0 | ||
| 020 | _a0-471-70223-4 | ||
| 082 | _a658.3'21 LSM | ||
| 100 | _aLAMBERT, V. M. | ||
| 245 | _aPAYROLL: A Guide to Running an Efficient Department. | ||
| 250 | _a2nd Ed. | ||
| 260 |
_aNew York, _bWILEY, J, _c2005. |
||
| 300 |
_aix, 293p.: ill.; table _bIndex _c23cm |
||
| 700 | _aIOMA. | ||
| 942 |
_2ddc _cBKS |
||
| 999 |
_c5263 _d5263 |
||